[Event "Challenge"]
[Site "http://www.queenalice.com/game.php?id=1388539"]
[Date "2015.10.10"]
[Round "-"]
[White "frt"]
[Black "Omar"]
[Result "1-0"]
[WhiteElo "1689"]
[BlackElo "1852"]

1. e4 e5 2. Nf3 Qe7 3. b3 a6 4. a4 h6 5. Bc4 Nf6 6. Bb2 d6 7. d4 exd4 8. Bd3 c5
9. c3 dxc3 10. Bxc3 Nxe4 11. Qe2 Nxc3 12. Nxc3 Qxe2+ 13. Bxe2 Be7 14. O-O Bf6
15. Rae1 O-O 16. Ne4 Nc6 17. Nxd6 Be6 18. Bc4 Bxc4 19. Nxc4 Nd4 20. Nxd4 Bxd4
21. Nd6 Bc3 22. Re7 b5 23. axb5 axb5 24. Nxb5 Bb4 25. Nc7 Ra7 26. g3 Rc8 27. Nd5
Rca8 28. Rxa7 Rxa7 29. Nxb4 cxb4 30. f4 Ra3 31. Rb1 f5 32. Kf2 Ra2+ 33. Kg1 Kf7
34. Rd1 Rc2 35. Rd4 Kf6 36. Rxb4 Rb2 37. Rb6+ Kf7 38. b4 Kg8 39. h4 Kh7 40. h5
Rb3 41. Kf2 Rb2+ 42. Ke3 Rb3+ 43. Kf2 Rb2+ 44. Kf3 Rb3+ 45. Kg2 Rb2+ 46. Kh3 Rb1
47. b5 Rh1+ 48. Kg2 Rxh5 49. Rb8 g5 50. b6 gxf4 51. gxf4 Rh4 52. Rb7+ Kh8 53.
Rc7 Rg4+ 54. Kf3 Rg1 55. b7 Rb1 56. Rc8+ Kg7 57. b8=Q Rxb8 58. Rxb8 Kg6 59. Kg3
Kh5 60. Rb5 Kg6 61. Kh4 h5 62. Rb6+ Kg7 63. Kxh5 Kf7 64. Kg5 Ke7 65. Kxf5 Kd7
66. Ke5 Ke7 67. Rb7+ Kd8 68. Ke6 Ke8 69. Rb8# 1-0

[Event "AUTO-INT-3045"]
[Site "http://www.queenalice.com/game.php?id=1390038"]
[Date "2015.10.20"]
[Round "2"]
[White "Football_rules"]
[Black "frt"]
[Result "1-0"]
[WhiteElo "1647"]
[BlackElo "1707"]

1. e4 c5 2. Bc4 Nc6 3. Nf3 Nf6 4. d3 e6 5. Bg5 Be7 6. a3 O-O 7. Nc3 e5 8. Nh4
Nd4 9. Qd2 d6 10. Nf5 Bxf5 11. exf5 Qd7 12. h4 h6 13. Bxh6 gxh6 14. O-O-O Qxf5
15. Qxh6 Ng4 16. Qd2 Nxf2 17. Rhf1 Bxh4 18. Kb1 a6 19. Nd5 Rae8 20. Rg1 Nxd1 21.
Qxd1 b5 22. Ba2 b4 23. a4 a5 24. g4 Qg5 25. Qf1 Qg6 26. Qh3 Ne2 27. Rh1 Bf6 28.
Nxf6+ Kg7 29. g5 Rh8 30. Nxe8+ Rxe8 31. Qd7 Rf8 32. Qe7 Qf5 33. Be6 Qxe6 34.
Rh7+ Kxh7 35. Qxf8 Nd4 36. Qa8 b3 37. Qh1+ Kg6 38. Qh6+ Kf5 39. c3 Nf3 40. Qh3+
1-0

[Event "AUTO-INT-3045"]
[Site "http://www.queenalice.com/game.php?id=1390039"]
[Date "2015.10.20"]
[Round "2"]
[White "frt"]
[Black "Football_rules"]
[Result "0-1"]
[WhiteElo "1701"]
[BlackElo "1693"]

1. e4 e5 2. Nf3 d6 3. h3 a6 4. Bc4 h6 5. O-O Bd7 6. d4 Qc8 7. d5 Bxh3 8. gxh3
Qxh3 9. Nh2 Nf6 10. Qf3 Qh4 11. Qg3 Qxg3+ 12. fxg3 Nbd7 13. Be3 Nc5 14. Bxc5
dxc5 15. Nc3 Bd6 16. Be2 O-O-O 17. Rad1 Kb8 18. Rf5 h5 19. Bf3 Rdf8 20. Ne2 Nd7
21. Rf1 g6 22. Rg5 Rh6 23. Ng4 hxg4 24. Rxg4 Rfh8 25. Kf2 Nf6 26. Rg5 c4 27. Rh1
Bc5+ 28. Kf1 Rxh1+ 29. Bxh1 Rxh1+ 30. Kg2 Rh8 31. Rxe5 Ng4 32. Rg5 Ne3+ 33. Kf3
Nxc2 34. e5 Rh6 35. e6 fxe6 36. dxe6 Be7 37. Rd5 Nb4 38. Rd4 b5 39. Rd7 Rh7 40.
a3 Nc6 41. Nf4 Ne5+ 0-1

[Event "AUTO-OPEN-3508"]
[Site "http://www.queenalice.com/game.php?id=1391190"]
[Date "2015.10.28"]
[Round "2"]
[White "Constante"]
[Black "frt"]
[Result "1-0"]
[WhiteElo "2338"]
[BlackElo "1683"]

1. e4 c5 2. Nf3 Nf6 3. e5 Nd5 4. Nc3 e6 5. Nxd5 exd5 6. d4 Nc6 7. dxc5 Bxc5 8.
Qxd5 d6 9. Bg5 Qa5+ 10. Qd2 Bxf2+ 11. Kxf2 Qc5+ 12. Be3 Qa5 13. Qxd6 Be6 14. Qd2
Qxd2+ 15. Bxd2 O-O-O 16. Bc3 Rhe8 17. Bb5 Bd7 18. a4 a6 19. Bc4 Be6 20. Bd3 Bg4
21. Rhe1 Bxf3 22. gxf3 Nxe5 23. Bxe5 f6 24. Bf5+ Rd7 25. Bxd7+ Kxd7 26. Rad1+
Kc8 27. Bc3 Rf8 28. Re7 Rg8 29. Rdd7 b5 30. axb5 axb5 31. Ba5 h6 32. Bb4 Re8 33.
Rc7+ Kb8 34. Rb7+ Kc8 35. Rec7+ Kd8 36. Ba5 g5 37. Rc6# 1-0

[Event "AUTO-OPEN-3508"]
[Site "http://www.queenalice.com/game.php?id=1391191"]
[Date "2015.10.28"]
[Round "2"]
[White "frt"]
[Black "Constante"]
[Result "0-1"]
[WhiteElo "1641"]
[BlackElo "2263"]

1. e4 c5 2. Nf3 d6 3. d4 Nf6 4. dxc5 Qa5+ 5. Bd2 Qxc5 6. Bd3 g6 7. O-O Bg7 8.
Nc3 Bg4 9. h3 Be6 10. Be3 Qc8 11. Qd2 Nc6 12. Rad1 O-O 13. Rfe1 Nh5 14. Ng5 Bd7
15. Bb5 a6 16. Bc4 Ne5 17. Bd5 h6 18. Nxf7 Nxf7 19. Bxf7+ Rxf7 20. Bxh6 Bxh6 21.
Qxh6 Rg7 22. Nd5 Qe8 23. Nc7 Qc8 24. Nxa8 Qxa8 25. e5 b5 26. Qg5 Bc6 27. f3 Qf8
28. exd6 exd6 29. Re6 Nf4 30. Rexd6 Be8 31. Rf6 Ne2+ 32. Kf2 Qe7 33. Re1 Qa7+
34. Kxe2 b4 35. Kf1 Bb5+ 36. Re2 Bxe2+ 37. Kxe2 Qc7 38. Kf2 Qxc2+ 39. Kg3 Qc7+
40. f4 a5 41. Rxg6 Rxg6 42. Qxg6+ Kf8 43. h4 Qc1 44. b3 Qe1+ 45. Kg4 Qe2+ 46.
Kf5 Qc2+ 0-1

[Event "AUTO-OPEN-3508"]
[Site "http://www.queenalice.com/game.php?id=1391198"]
[Date "2015.10.28"]
[Round "2"]
[White "yclaudiu35"]
[Black "frt"]
[Result "1-0"]
[WhiteElo "2085"]
[BlackElo "1643"]

1. e4 c5 2. Nf3 Nc6 3. d4 e6 4. d5 exd5 5. exd5 Nd4 6. Nxd4 cxd4 7. Qxd4 Nf6 8.
Bc4 Bd6 9. Bg5 h6 10. Bxf6 Qxf6 11. Qe3+ Be5 12. O-O O-O 13. c3 Re8 14. Qd3 d6
15. Bb3 Bf5 16. Qf3 Rac8 17. Nd2 b5 18. Rfe1 Qg5 19. Nf1 a5 20. Ne3 Bf4 21. Nxf5
Qxf5 22. a3 a4 23. Ba2 Re5 24. g4 Qf6 25. Kg2 Rce8 26. Rxe5 Qxe5 27. h3 Qe4 28.
Qxe4 Rxe4 29. Kf3 Re5 30. Kxf4 g5+ 31. Kf3 f5 32. Rc1 Re4 33. c4 bxc4 34. Bxc4
Rf4+ 35. Kg3 Kg7 36. gxf5 Rxf5 37. Re1 Kf6 38. Re6+ Kg7 39. Rxd6 1-0

[Event "AUTO-OPEN-3508"]
[Site "http://www.queenalice.com/game.php?id=1391199"]
[Date "2015.10.28"]
[Round "2"]
[White "frt"]
[Black "yclaudiu35"]
[Result "0-1"]
[WhiteElo "1685"]
[BlackElo "2023"]

1. e4 e5 2. Nf3 Nc6 3. Bb5 Qf6 4. O-O Bc5 5. b3 Nd4 6. Nxd4 exd4 7. Bb2 Bb6 8.
c3 c6 9. Bc4 c5 10. Qe2 Ne7 11. e5 Qh6 12. f4 Ng6 13. g3 Ne7 14. f5 d6 15. e6 d5
16. exf7+ Kxf7 17. Bd3 c4 18. bxc4 dxc3+ 0-1

[Event "AUTO-OPEN-3508"]
[Site "http://www.queenalice.com/game.php?id=1391202"]
[Date "2015.10.28"]
[Round "2"]
[White "Anusha"]
[Black "frt"]
[Result "1-0"]
[WhiteElo "2103"]
[BlackElo "1690"]

1. c4 b6 2. d4 Bb7 3. Bf4 Nc6 4. e3 e6 5. Bd3 Bb4+ 6. Nd2 Nxd4 7. Qg4 Nf6 8. Qg3
Be4 9. exd4 d5 10. Bxe4 Nxe4 11. Qxg7 Qf6 12. Qxf6 Nxf6 13. Be5 Bxd2+ 14. Kxd2
Ne4+ 15. Ke3 Rg8 16. cxd5 exd5 17. g3 O-O-O 18. f3 Ng5 19. Kf2 Rde8 20. Rc1 Ne6
21. Ne2 Re7 22. Nc3 Rf8 23. Nxd5 Rd7 24. Nf6 Rdd8 25. Rhd1 Kb7 26. Nxh7 Rfe8 27.
Nf6 Re7 28. b4 Rc8 29. a4 c5 30. Bd6 cxd4 31. Bxe7 d3 32. Rxc8 Kxc8 33. Rxd3 1-0

[Event "AUTO-OPEN-3508"]
[Site "http://www.queenalice.com/game.php?id=1391203"]
[Date "2015.10.28"]
[Round "2"]
[White "frt"]
[Black "Anusha"]
[Result "0-1"]
[WhiteElo "1695"]
[BlackElo "2068"]

1. e4 e6 2. c4 c6 3. Nf3 d5 4. cxd5 cxd5 5. exd5 exd5 6. Bb5+ Bd7 7. Qe2+ Be7 8.
Nc3 Nf6 9. O-O O-O 10. d4 Nc6 11. Re1 Re8 12. Ne5 Bd6 13. Bg5 Nxd4 14. Qd3 Nxb5
15. Nxb5 Bxe5 16. Nd4 Bxh2+ 17. Kh1 Be5 18. Rac1 Qb6 19. Bxf6 Qxf6 20. Nf3 Bc6
21. Nxe5 Rxe5 22. Rxe5 Qxe5 23. Qd2 Re8 24. g3 d4+ 25. Kg1 Qe4 0-1

[Event "Challenge"]
[Site "http://www.queenalice.com/game.php?id=1393280"]
[Date "2015.11.9"]
[Round "-"]
[White "tucuman"]
[Black "frt"]
[Result "0-1"]
[WhiteElo "1823"]
[BlackElo "1681"]

1. e4 e5 2. Bc4 Nf6 3. d3 Bc5 4. h3 O-O 5. Nf3 Nc6 6. a3 d5 7. exd5 Nxd5 8. Bd2
Be6 9. O-O Nd4 10. Nxd4 Bxd4 11. c3 Bc5 12. Bxd5 Qxd5 13. b4 Bd6 14. Be3 e4 15.
dxe4 Qe5 16. f4 Qxe4 17. Qf3 Qxf3 18. Rxf3 Rfe8 19. Nd2 Rad8 20. Bd4 Bd5 21.
Rff1 Re2 22. Rad1 Rxg2+ 23. Kh1 Rxd2+ 24. Kg1 Rxd1 25. Rxd1 Bxf4 26. Re1 Be6 27.
Re2 Bxh3 28. Kf2 Bg4 29. Re4 g5 30. Re1 h5 31. Kg2 b6 32. a4 c5 33. bxc5 bxc5
34. Be3 Re8 35. Kf2 Bxe3+ 36. Rxe3 Rxe3 37. Kxe3 h4 38. Kf2 h3 39. Kg3 f5 40. c4
Kg7 41. a5 Kg6 42. a6 Kh5 43. Kh2 f4 44. Kg1 Bf3 45. Kh2 Kg4 46. Kg1 Kg3 47. Kf1
h2 48. Ke1 h1=Q+ 49. Kd2 Qd1+ 50. Kc3 Be4 51. Kb2 Qc2+ 52. Ka3 Qb1 53. Ka4 Qb4#
0-1

[Event "Challenge"]
[Site "http://www.queenalice.com/game.php?id=1393840"]
[Date "2015.11.12"]
[Round "-"]
[White "jjjcarvalho"]
[Black "frt"]
[Result "0-1"]
[WhiteElo "1478"]
[BlackElo "1682"]

1. e4 c5 2. Nf3 d5 3. exd5 Qxd5 4. Nc3 Qe6+ 5. Be2 g6 6. O-O Bg7 7. Re1 Qb6 8.
Rb1 Nf6 9. d4 O-O 10. dxc5 Qxc5 11. Be3 Qc7 12. Bd4 Bf5 13. h3 Nc6 14. Bxf6 Bxf6
15. Bb5 Rad8 16. Qe2 Nd4 17. Nxd4 Bxd4 18. Bd3 Bxc3 19. Bxf5 Bxe1 20. Bxg6 hxg6
21. Qxe1 Qxc2 22. Kf1 Rd2 23. Qc1 Rxf2+ 24. Kg1 Rxg2+ 25. Kh1 Rh2+ 0-1

[Event "Challenge1"]
[Site "http://www.queenalice.com/game.php?id=1407773"]
[Date "2016.2.5"]
[Round "-"]
[White "frt"]
[Black "letter"]
[Result "0-1"]
[WhiteElo "1693"]
[BlackElo "1433"]

1. e4 e5 2. Nf3 Nc6 3. Bb5 Nd4 4. Nxd4 exd4 5. b3 a6 6. Bc4 Qe7 7. d3 d6 8. b4
Bd7 9. Bb2 Qe5 10. Qf3 Nf6 11. O-O Be7 12. c3 dxc3 13. Nxc3 Qg5 14. Nd5 Nxd5 15.
Bxd5 O-O-O 16. Qxf7 Bf6 17. Bxf6 Qxf6 0-1

[Event "Challenge"]
[Site "http://www.queenalice.com/game.php?id=1408098"]
[Date "2016.2.7"]
[Round "-"]
[White "frt"]
[Black "Omar"]
[Result "0-1"]
[WhiteElo "1712"]
[BlackElo "1829"]

1. e4 e5 2. Nf3 d6 3. Bc4 h6 4. O-O a6 5. Nc3 Nf6 6. d4 exd4 7. Nxd4 b5 8. Bd5
Nxd5 9. Nxd5 Bb7 10. Qe2 Be7 11. Nxb5 axb5 12. Qxb5+ Bc6 13. Qd3 O-O 14. Nf4 Na6
15. Nh5 Nc5 16. Bxh6 Nxd3 17. Bxg7 Re8 18. cxd3 Kh7 19. f4 Kg6 20. g4 d5 21. e5
Bc5+ 22. Kg2 Be3 23. f5+ Kh7 24. Bf6 d4+ 25. Kg3 Qd5 26. Nf4 Bxf4+ 27. Kxf4 Qb5
28. Rae1 Qxd3 0-1

[Event "Challenge"]
[Site "http://www.queenalice.com/game.php?id=1409643"]
[Date "2016.2.16"]
[Round "-"]
[White "frt"]
[Black "dsouza"]
[Result "1-0"]
[WhiteElo "1688"]
[BlackElo "1761"]

1. e4 c5 2. Bc4 Nf6 3. d3 e6 4. Nc3 d5 5. exd5 exd5 6. Qe2+ Be7 7. Bb5+ Nbd7 8.
Bg5 O-O 9. Bxd7 Bxd7 10. Bxf6 Bxf6 11. Nf3 1-0

[Event "Henry  Bird 1849 - 1899"]
[Site "http://www.queenalice.com/game.php?id=1415894"]
[Date "2016.3.30"]
[Round "-"]
[White "capablanca2015"]
[Black "frt"]
[Result "0-1"]
[WhiteElo "1649"]
[BlackElo "1667"]

1. d4 c5 2. Nf3 d5 3. e3 Nc6 4. Bb5 a6 5. Bxc6+ bxc6 6. dxc5 e6 7. b4 a5 8. c3
Nf6 9. Ne5 Qc7 10. f4 Qb7 0-1